000 00242nam a22001097a 4500
008 140109t xxu||||| |||| 00| 0 eng d
020 _a969-8109-09-9
100 _aParveen shakir
_9592
245 _aMah e Tamam
300 _a300
942 _2ddc
_cBK
999 _c16858
_d16858